000 00569nam a2200181Ia 4500
003 LK-CoDNM
008 010623t1927 xxu||||| |||| 00| 1 sin d
040 _aLK-CoDNM
_dLK-CoDNM
_eLK-CoDNM
041 _asin
080 _a104 A 8
100 _aSeneviratna,K.B.
_eed.
245 _aසූවිසි මහගුණ විභාගය,ගාථා පොත් වහන්සේ
246 _aSuvisi Mahaguna Vibaagaya : Gatha Poth Wahanse
260 _bGrantha Prakasha
_aColombo
_c1927
300 _b96p., 21 cm
650 _aArahade Nawa Mahagunaya
942 _cBK
999 _c94246
_d94246